| 000 | 00382 a2200157 4500 | ||
|---|---|---|---|
| 001 | 149783 | ||
| 040 | _cEscola São Tomás de Aquino | ||
| 100 | _aAZEVEDO, Ricardo | ||
| 240 | 1 | 0 |
_aO livro dos pontos de vista _lpor |
| 245 | 1 | 0 | _aO livro dos pontos de vista |
| 300 | _a63 | ||
| 362 | 0 | _a2007 | |
| 440 | 1 | _aÁtica | |
| 697 | _aFolclore / Adivinhações / Lendas | ||
| 942 | _cBK | ||
| 999 |
_c149783 _d149783 |
||